000 00259nam a2200121 i 4500
001 bg
245 0 _aBudownictwo wiejskie.
_nT. 11.
260 _aWarszawa,
_c1970.
040 _cBPK
041 _apol
942 _cKS
008 s pl f |000 0 pol
999 _c4769
_d4769
856 _uhttp://koha.tu.koszalin.pl/cgi-bin/koha/opac-detail.pl?biblionumber=4769
_yKatalog online BPK